MARC details
| 000 -LEADER |
| fixed length control field |
02891aam a2200517 i 4500 |
| 001 - CONTROL NUMBER |
| control field |
sjds2204773 |
| 003 - CONTROL NUMBER IDENTIFIER |
| control field |
sjds |
| 005 - DATE AND TIME OF LATEST TRANSACTION |
| control field |
20230829110541.0 |
| 008 - FIXED-LENGTH DATA ELEMENTS--GENERAL INFORMATION |
| fixed length control field |
190325s2019 ilua b 000 1 spa d |
| 020 ## - INTERNATIONAL STANDARD BOOK NUMBER |
| International Standard Book Number |
9780807549599 |
| 020 ## - INTERNATIONAL STANDARD BOOK NUMBER |
| International Standard Book Number |
0807549592 |
| 035 ## - SYSTEM CONTROL NUMBER |
| System control number |
(OCoLC)1090989083 |
| 035 ## - SYSTEM CONTROL NUMBER |
| System control number |
2204773 |
| 040 ## - CATALOGING SOURCE |
| Original cataloging agency |
SJP |
| Language of cataloging |
eng |
| Description conventions |
rda |
| Transcribing agency |
SJP |
| Modifying agency |
IFA |
| 041 1# - LANGUAGE CODE |
| Language code of text/sound track or separate title |
spa |
| Language code of original |
eng |
| 049 ## - LOCAL HOLDINGS (OCLC) |
| Holding library |
IFAA |
| 099 ## - LOCAL FREE-TEXT CALL NUMBER (OCLC) |
| Filing suffix |
2019 |
| 999 ## - SYSTEM CONTROL NUMBERS (KOHA) |
| Koha Dewey Subclass [OBSOLETE] |
ESPANOL PICTURE BOOKS DE ANDA 2019 |
| 100 1# - MAIN ENTRY--PERSONAL NAME |
| Personal name |
De Anda, Diane, |
| Relator term |
author. |
| 245 13 - TITLE STATEMENT |
| Title |
La luna mango / |
| Statement of responsibility, etc. |
Diane de Anda ; ilustrado por Sue Cornelison ; traducido por Giovanna Chavez. |
| 246 ## - VARYING FORM OF TITLE |
| Title proper/short title |
La luna mango |
| 260 ## - PUBLICATION, DISTRIBUTION, ETC. (IMPRINT) |
| Place of publication, distribution, etc. |
Chicago, Illinois : |
| Name of publisher, distributor, etc. |
Albert Whitman & Co., |
| Date of publication, distribution, etc. |
2019. |
| 264 #1 - PRODUCTION, PUBLICATION, DISTRIBUTION, MANUFACTURE, AND COPYRIGHT NOTICE |
| Place of production, publication, distribution, manufacture |
Chicago, Illinois : |
| Name of producer, publisher, distributor, manufacturer |
Albert Whitman & Co., |
| Date of production, publication, distribution, manufacture, or copyright notice |
2019. |
| 300 ## - PHYSICAL DESCRIPTION |
| Extent |
1 volume (unpaged) : |
| Other physical details |
color illustrations ; |
| Dimensions |
27 cm |
| 336 ## - CONTENT TYPE |
| Content type term |
text |
| Content type code |
txt |
| Source |
rdacontent |
| 337 ## - MEDIA TYPE |
| Media type term |
unmediated |
| Media type code |
n |
| Source |
rdamedia |
| 338 ## - CARRIER TYPE |
| Carrier type term |
volume |
| Carrier type code |
nc |
| Source |
rdacarrier |
| 520 ## - SUMMARY, ETC. |
| Summary, etc. |
Cuando un padre es apartado de su familia y enfrenta la deportación, su familia se queda sufriendo con el duelo y deseando saber qué sucederá después. Maricela, Manuel y su madre enfrentan los muchos desafíos al tener que su vida es cambiada completamente por la ausencia de su padre y su esposo. Mudarse a una casa nueva, juegos de fútbol perdidos, fiestas de cumpleaños, y el vacío son ahora la norma del día a día. La Luna Mango muestra cómo es la vida desde la perspectiva de un niño/a cuando un padre es deportado, y las realidades desgarradoras que tienen que enfrentar, pero Maricela descubre que su amor por su padre se mantiene a pesar de que ya no es parte de su vida diaria. |
| 520 ## - SUMMARY, ETC. |
| Summary, etc. |
When a father is taken away from his family and faces deportation, his family is left to grieve and wonder what comes next. Maricela, Manual, and their mother face the many challenges and changes created by their father's absence. A new home, missed soccer games and birthday parties, and emptiness are now day-to-day norms. But Maricela learns that her love for her father is sustained even though he is no longer part of her daily life. |
| 546 ## - LANGUAGE NOTE |
| Language note |
Text in Spanish. |
| 586 ## - AWARDS NOTE |
| Awards note |
JLG Gold Standard. |
| 650 #0 - SUBJECT ADDED ENTRY--TOPICAL TERM |
| Topical term or geographic name as entry element |
Fathers and daughters |
| Form subdivision |
Juvenile fiction. |
| 650 #0 - SUBJECT ADDED ENTRY--TOPICAL TERM |
| Topical term or geographic name as entry element |
Children of immigrants |
| Form subdivision |
Juvenile fiction. |
| 650 #0 - SUBJECT ADDED ENTRY--TOPICAL TERM |
| Topical term or geographic name as entry element |
Separation (Psychology) |
| Form subdivision |
Juvenile fiction. |
| 650 #0 - SUBJECT ADDED ENTRY--TOPICAL TERM |
| Topical term or geographic name as entry element |
Deportation |
| Form subdivision |
Juvenile fiction. |
| 650 #0 - SUBJECT ADDED ENTRY--TOPICAL TERM |
| Topical term or geographic name as entry element |
Deportees |
| Form subdivision |
Juvenile fiction. |
| 650 #7 - SUBJECT ADDED ENTRY--TOPICAL TERM |
| Topical term or geographic name as entry element |
Padre e hija |
| Form subdivision |
Novela juvenil. |
| Source of heading or term |
bidex |
| 650 #7 - SUBJECT ADDED ENTRY--TOPICAL TERM |
| Topical term or geographic name as entry element |
Hijos de inmigrantes |
| Form subdivision |
Novela juvenil. |
| Source of heading or term |
bidex |
| 650 #7 - SUBJECT ADDED ENTRY--TOPICAL TERM |
| Topical term or geographic name as entry element |
Separaci?n (Psicolog?a) |
| Form subdivision |
Novela juvenil. |
| Source of heading or term |
bidex |
| 650 #7 - SUBJECT ADDED ENTRY--TOPICAL TERM |
| Topical term or geographic name as entry element |
Deportaci?n |
| Form subdivision |
Novela juvenil. |
| Source of heading or term |
bidex |
| 650 #7 - SUBJECT ADDED ENTRY--TOPICAL TERM |
| Topical term or geographic name as entry element |
Deportados |
| Form subdivision |
Novela juvenil. |
| Source of heading or term |
local |
| 700 1# - ADDED ENTRY--PERSONAL NAME |
| Personal name |
Cornelison, Sue, |
| Relator term |
illustrator. |
| 700 1# - ADDED ENTRY--PERSONAL NAME |
| Personal name |
Chavez, Giovanna |
| Relator term |
translator |
| 700 1# - ADDED ENTRY--PERSONAL NAME |
| Personal name |
Chavez, Giovanna, |
| Relator term |
translator. |
| 942 ## - ADDED ENTRY ELEMENTS (KOHA) |
| Koha item type |
Libro/Book |